Devinez le Département Mystère #3 - Statistiques

Statistiques générales
  • Ce quiz a été pris 531 fois
  • Le résultat moyen est 25 sur 35
Statistiques - réponses
Type de Réponse Réponse % Correct
Lettre Trouvée E
100%
Lettre Trouvée R
99%
Lettre Trouvée A
98%
Lettre Trouvée N
98%
Lettre de l'Alphabet I
97%
Lettre de l'Alphabet O
97%
Lettre de l'Alphabet L
96%
Lettre Trouvée S
96%
Lettre de l'Alphabet T
93%
Lettre Trouvée D
92%
Lettre de l'Alphabet H
90%
Lettre de l'Alphabet C
89%
Lettre de l'Alphabet M
89%
Lettre de l'Alphabet U
89%
Lettre de l'Alphabet V
86%
Lettre de l'Alphabet G
79%
Lettre de l'Alphabet P
75%
Lettre de l'Alphabet Y
75%
Lettre de l'Alphabet B
72%
Lettre de l'Alphabet F
66%
Lettre Bien Placée N
57%
Lettre Bien Placée S
57%
Lettre de l'Alphabet Z
56%
Lettre de l'Alphabet Q
52%
Lettre de l'Alphabet J
51%
Lettre Bien Placée E
49%
Lettre de l'Alphabet X
49%
Lettre Bien Placée A
44%
Département Mystère Ardennes
44%
Lettre Bien Placée D
44%
Lettre Bien Placée E
44%
Lettre de l'Alphabet K
44%
Lettre Bien Placée N
44%
Lettre Bien Placée R
44%
Lettre de l'Alphabet W
44%
Aucun quiz correspondant
Distribution des résultats
% des personnes avec chaque résultat
Percentile par nombre de réponses
Votre historique - résultats
Vous n’avez pas pris ce quiz